MARC details
| 000 -CABECERA |
| campo de control de longitud fija |
01128cam a22002777a 4500 |
| 003 - IDENTIFICADOR DEL NÚMERO DE CONTROL |
| campo de control |
MX-MxUPN |
| 005 - FECHA Y HORA DE LA ÚLTIMA TRANSACCIÓN |
| campo de control |
20250809063834.0 |
| 008 - ELEMENTOS DE LONGITUD FIJA--INFORMACIÓN GENERAL |
| campo de control de longitud fija |
240520s2023 mx| |||fr|||| 000 e spa d |
| 020 ## - NÚMERO INTERNACIONAL NORMALIZADO PARA LIBROS |
| Número Internacional Estándar del Libro |
9786077086734 |
| 040 ## - FUENTE DE LA CATALOGACIÓN |
| Centro catalogador/agencia de origen |
MX-MxUPN |
| Lengua de catalogación |
spa |
| 041 0# - CÓDIGO DE IDIOMA |
| Código de lengua del texto/banda sonora o título independiente |
spa |
| 050 #4 - SIGNATURA TOPOGRÁFICA DE LA BIBLIOTECA DEL CONGRESO |
| Número de clasificación |
KGF3053 A67 |
| Número de documento/Ítem |
C66 2022 |
| 245 00 - MENCIÓN DE TÍTULO |
| Título |
9° concurso nacional de ensayo en materia de justicia electoral, justicia abierta, transparencia, acceso a la información, protección de datos personales y archivos 2022 : |
| Resto del título |
ensayos ganadores y trabajos sobresalientes |
| 250 ## - MENCIÓN DE EDICIÓN |
| Mención de edición |
1a edición |
| 260 ## - PUBLICACIÓN, DISTRIBUCIÓN, ETC. |
| Lugar de publicación, distribución, etc. |
México : |
| Nombre del editor, distribuidor, etc. |
Tribunal Electoral del Poder Judicial de la Federación, |
| Fecha de publicación, distribución, etc. |
2023 |
| 300 ## - DESCRIPCIÓN FÍSICA |
| Extensión |
145 paginas |
| 650 #4 - ASIENTO SECUNDARIO DE MATERIA - TERMINO TEMATICO |
| Término de materia o nombre geográfico como elemento de entrada |
Derecho electoral |
| Subdivisión geográfica |
México |
| 9 (RLIN) |
6913 |
| 650 #2 - ASIENTO SECUNDARIO DE MATERIA - TERMINO TEMATICO |
| 9 (RLIN) |
11094 |
| Término de materia o nombre geográfico como elemento de entrada |
Transparencia en el gobierno |
| Subdivisión geográfica |
México |
| 650 #4 - ASIENTO SECUNDARIO DE MATERIA - TERMINO TEMATICO |
| 9 (RLIN) |
52300 |
| Término de materia o nombre geográfico como elemento de entrada |
Acceso a la información |
| Subdivisión geográfica |
México |
| 650 #4 - ASIENTO SECUNDARIO DE MATERIA - TERMINO TEMATICO |
| 9 (RLIN) |
52302 |
| Término de materia o nombre geográfico como elemento de entrada |
Protección de datos |
| Subdivisión geográfica |
México |
| 650 #2 - ASIENTO SECUNDARIO DE MATERIA - TERMINO TEMATICO |
| Término de materia o nombre geográfico como elemento de entrada |
Archivos públicos |
| Subdivisión geográfica |
México |
| 9 (RLIN) |
7757 |
| 700 1# - ASIENTO SECUNDARIO--NOMBRE DE PERSONAL |
| 9 (RLIN) |
52298 |
| Nombre de persona |
Sánchez Morales, Jorge |
| Término indicativo de función/relación |
coordinación |
| 902 ## - ELEMENTOS DE DATOS B LOCAL, LDB (RLIN) |
| Creó |
FernandoJiménezSánchez200524 |
| Modificó |
VíctorGodínez/100624 |
| 942 ## - ELEMENTOS DE PUNTO DE ACCESO ADICIONAL (KOHA) |
| Fuente del sistema de clasificación o colocación |
Library of Congress Classification |
| Tipo de ítem Koha |
Libro |